La decisión de inversiones en la empresa
Guardat en:
| Autor principal: | |
|---|---|
| Format: | Llibre |
| Idioma: | espanyol |
| Publicat: |
Bilbao
Deusto
1966
|
| Col·lecció: | Gestión
|
| Matèries: | |
| Etiquetes: |
Afegir etiqueta
Sense etiquetes, Sigues el primer a etiquetar aquest registre!
|
MARC
| LEADER | 00000nam a2200000 a 4500 | ||
|---|---|---|---|
| 001 | UCR9640 | ||
| 003 | CL-VaPUC | ||
| 008 | 980613e19660000SP |||||||||||||||||spa|d | ||
| 082 | 0 | 4 | |a 332.66 |b WRI |2 21 |
| 100 | 0 | |a Wright, Robert |e author |9 412387 | |
| 245 | 1 | 3 | |a La decisión de inversiones en la empresa |
| 300 | |a 210 p | ||
| 942 | |c BK | ||
| 945 | |d 19980613 00:00:00 |a cmena | ||
| 260 | |a Bilbao |b Deusto |c 1966 | ||
| 650 | 0 | |a Inversiones |9 345867 | |
| 650 | 0 | |a Economía |9 255568 | |
| 650 | 0 | |a Administración financiera |9 261146 | |
| 650 | 0 | |a Teoría de la decisión |9 357122 | |
| 650 | 0 | |a Toma de decisiones |9 257530 | |
| 650 | 0 | |a Responsabilidad |9 308399 | |
| 650 | 7 | |a METAS |2 CL-VaPUC |9 341661 | |
| 583 | |a last modification |c 19980613 00:00:00 |k Rodrigo Vera | ||
| 490 | 0 | |a Gestión | |
| 999 | |c 270826 |d 270824 | ||
| 952 | |0 0 |1 0 |4 0 |6 332_660000000000000_WRI_1966 |7 0 |8 A |9 305237 |a BIBGIM |b BIBGIM |d 2019-11-20 |i 1419862 |o 332.66 WRI 1966 |p 1419862 |r 2025-01-15 |w 2019-11-20 |y BK |k COM | ||